000 00201 a2200109 4500
020 _a9780671023973
041 _aeng
100 _aRichards, Elizabeth
245 _aRescue
942 _cBK
952 _71
999 _c24777
_d24777